00543nam a2200181Ia 4500008004100000100002100041245002200062245002000084260002100104260000900125300003400134440005800168650001200226650001300238650001700251999001900268952007400287190509s9999 xx 000 0 und d aSexton, James J. aKeep it together/ cJames J. Sexton bSussex Publisher c2018 aPages 48-49, July/August 2018 aPsychology Today: Turning Pointsv1/2/1900 3:04:00 AM adivorce amarriage arelationship c361819d361819 001040aLUXbLUXd2019-05-09l0r2019-05-09 00:00:00w2019-05-09ySE